| 000 | 00554nam a2200169Ia 4500 | ||
|---|---|---|---|
| 008 | 140609s9999 xx 000 0 und d | ||
| 020 | _a9789712709609 | ||
| 050 |
_aKPM 105 _b.P37 2000 |
||
| 100 | _aParas, Corazon L. | ||
| 245 | 4 |
_aThe chief justices of the Supreme Court of the Philippines / _cCorazon L. Paras and Ramon Ricardo A. Roque |
|
| 260 |
_aPasig City, Philippines : _bAnvil Pub., _cc2000. |
||
| 300 |
_a149 p. : _bill. ; _c22 cm. |
||
| 500 | _aIncludes bibliographical references. | ||
| 521 | _aGE | ||
| 942 |
_kLOC _cBK |
||
| 999 |
_c117880 _d117880 |
||